| 000 | 00787ata a2200277 4500 | ||
|---|---|---|---|
| 005 | 20250922155448.0 | ||
| 008 | 150521b2009 xxu||||| |||| 00| 0 spa d | ||
| 020 | _a9786070017896 | ||
| 041 | _aESP | ||
| 082 | _a363.25 A148a | ||
| 100 |
_aAbizaid Pérez, Mauricio R. _930301 |
||
| 245 | _a20 Aspectos básicos de la entrevista en la investigación policial | ||
| 260 | _aMéxico | ||
| 260 | _bUbijus | ||
| 260 | _c2009 | ||
| 300 | _a27 páginas | ||
| 490 | _aInvestigación Criminal | ||
| 650 | _aINVESTIGACIÓN CRIMINAL | ||
| 650 | _aINTERROGATORIO POLICIAL | ||
| 650 | _aENTREVISTA POLICIAL | ||
| 650 | _aENTREVISTA A UN RESPONSABLE | ||
| 650 | _aENTREVISTA A TESTIGOS | ||
| 650 | _aINVESTIGACIÓN POLICIAL | ||
| 650 | _aENTREVISTADOR POLICIAL | ||
| 942 |
_cBK _2ddc |
||
| 999 |
_c5852 _d5852 |
||